000 00293nam a22001217a 4500
008 171127b xxu||||| |||| 00| 0 eng d
041 _aeng
080 _a616.073
100 _a6
101 _aRAD
245 _aTHE ALDRICH LIBRARY OF 13C AND HFT NMR SPECTRA
_cPOUCHERT, CH.J
942 _2udc
_cBK
999 _c38601
_d38601